000
00184 a2200097 4500
020
_a
00440444216
041
_a
spa
100
_a
Eric Carle
245
_a
The Very Busy Spider
942
_c
BK
999
_c
9532
_d
9532